Progress in Inorganic Chemistry: Bioinorganic Chemistry : Volume 38 /

Salvato in:
Dettagli Bibliografici
Autore principale: Lippard, Stephen J (Autore)
Natura: Libro
Lingua:inglese
Pubblicazione: New York : John Wiley & Sons, 1990
Tags: Aggiungi Tag
Nessun Tag, puoi essere il primo ad aggiungerne!!

MARC

LEADER 00000nam a22000003a 4500
001 stu19072
005 20190206124523.7
008 920703s1990----xxu-----------------eng-d
020 |a 0-471-52945-1 
040 |a STU  |b slo 
041 0 |a eng 
044 |a xxu 
080 |a 546/547 
100 1 |a Lippard, Stephen J  |4 aut 
245 1 |a Progress in Inorganic Chemistry: Bioinorganic Chemistry :  |b Volume 38 /  |c [aut.]Lippard,Stephen J 
260 |a New York :  |b John Wiley & Sons,  |c 1990 
300 |a 535 s :  |b Obr.,tab.,grafy,lit.,index 
996 |b C89909  |c C*89909  |l CCIII  |s P  |a 0  |w stu19072_0001